MARC details
| 000 -CABECERA |
| campo de control de longitud fija |
04611nam a2200505 a 4500 |
| 001 - NÚMERO DE CONTROL |
| campo de control |
dia_3761 |
| 003 - IDENTIFICADOR DEL NÚMERO DE CONTROL |
| campo de control |
CHAP |
| 005 - FECHA Y HORA DE LA ÚLTIMA TRANSACCIÓN |
| campo de control |
20250814112323.0 |
| 007 - CAMPO FIJO DE DESCRIPCIÓN FÍSICA--INFORMACIÓN GENERAL |
| campo de control de longitud fija |
ta |
| 008 - DATOS DE LONGITUD FIJA--INFORMACIÓN GENERAL |
| campo de control de longitud fija |
220117s2000 mx bde frm 001 0 spa d |
| 010 ## - NÚMERO DE CONTROL DE LA BIBLIOTECA DEL CONGRESO |
| Número de control de LC |
174353 |
| 040 ## - FUENTE DE LA CATALOGACIÓN |
| Centro/agencia transcriptor |
CHAP |
| Centro catalogador/agencia de origen |
mxchpua |
| Normas de descripción |
rda |
| 041 0# - CÓDIGO DE LENGUA |
| Código de lengua del texto/banda sonora o título independiente |
spa |
| Código de lengua del sumario o resumen |
eng |
| 090 ## - LOCALMENTE ASIGNADO TIPO-LC NÚMERO DE CLASIFICACIÓN (OCLC); NÚMERO DE CLASIFICACIÓN LOCAL (RLIN) |
| Número de clasificación (OCLC) (R) ; Numero de clasificación, CALL (RLIN) (NR) |
Tesis |
| Número cutter local (OCLC) ; Número de libro/Signatura topográfica íntegra, CALL (RLIN) |
A38 |
| año |
2000 |
| 100 1# - ENTRADA PRINCIPAL--NOMBRE DE PERSONA |
| Nombre de persona |
Aguirre Camacho, José |
| 245 10 - MENCIÓN DE TÍTULO |
| Título |
Establecimiento de un beneficio húmedo de café, en la comunidad de Palma Buenos Aires, Misantla, Veracruz / |
| Mención de responsabilidad, etc. |
José Aguirre Camacho y Marcelino Alvarado Salvador |
| 264 ## - PRODUCCIÓN, PUBLICACIÓN, DISTRIBUCIÓN, FABRICACIÓN Y COPYRIGHT |
| Producción, publicación, distribución, fabricación y copyright |
Chapingo, México : |
| Nombre del de productor, editor, distribuidor, fabricante |
El autor, |
| Fecha de producción, publicación, distribución, fabricación o copyright |
2000 |
| 300 ## - DESCRIPCIÓN FÍSICA |
| Extensión |
vi, 90 hojas : |
| Otras características físicas |
mapas, gráficas, diagramas, tablas, planos |
| 336 ## - TIPO DE CONTENIDO |
| Fuente |
rdacontent |
| Término de tipo de contenido |
texto |
| Código de tipo de contenido |
txt |
| 337 ## - TIPO DE MEDIO |
| Fuente |
rdamedia |
| Nombre/término del tipo de medio |
no mediado |
| Código del tipo de medio |
n |
| 338 ## - TIPO DE SOPORTE |
| Fuente |
rdacarrier |
| Nombre/término del tipo de soporte |
volumen |
| Código del tipo de soporte |
nc |
| 500 ## - NOTA GENERAL |
| Nota general |
Los planos están incluidos en el reporte. |
| 502 ## - NOTA DE TESIS |
| Nota de tesis |
Tesis |
| Tipo de título |
(Ingeniero Agroindustrial) -- |
| Nombre de la institución que otorga el título |
UACh. Departamento de Ingeniería Agroindustrial, |
| Año de obtención del título |
2000 |
| 504 ## - NOTA DE BIBLIOGRAFÍA, ETC. |
| Nota de bibliografía, etc. |
Bibligrafía: hojas 89-90 |
| 505 0# - NOTA DE CONTENIDO CON FORMATO |
| Nota de contenido con formato |
3 planos --<br/>1. Plano de distribución de áreas --<br/>2. Plano de distribución de equipo (Planta baja) --<br/>3. Plano de distribución de equipo (Planta alta) |
| 520 3# - SUMARIO, ETC. |
| Sumario, etc. |
Debido a que los cafeticultores de la comunidad La Palma Buenos Aires, Misantla, Veracruz, presentan dificultades para acceder a los financiamientos y apoyos por parte del Estado por la falta de organización y a que el procesamiento de su café cereza les generaría valor agregado y evitaría la venta a los intermediarios, se realizó un estudio para determinar la factibilidad del establecimiento de un beneficio húmedo de café para estos productores. Las condiciones en que se desarrollará el proyecto son: el 54% de la materia prima será aportada por los socios y el 46% se pretende captar en las comunidades aledañas, a través de centros de acopio; se usará equipo orientado al bajo consumo de agua; el monto de la inversión fija y diferida será de $146,087, donde el 50% del costo del equipo principal se cubrirá con apoyos del "Programa Alianza para el Campo"; el capital de trabajo es de $22,315.00 y será aportado por los socios,; la inversión por socio es de $5,292.00 Los factores de riesgo más importantes para el proyecto son los volúmenes de materia prima a captar, la organización social, la adquisición del apoyo a través del "Programa Alianza para el Campo" y los márgenes de ingreso. El proyecto es viable en las condiciones que se pretende desarrollar, presentando una tasa de rentabilidad de 15%. -- |
| 520 3# - SUMARIO, ETC. |
| Sumario, etc. |
Due the coffee producers from La Palma Buenos Aires, Misantla Veracruz, had difficult to the financing and from the state support for lacking of organization. Besides, the coffee procesing could generate aggregated value and avoid the selling to the intermediates. For determining an establishment of the coffee humid benefit studious were realized. The condition were the proyect would be developed are: 54% of coffee from productives may get and 46% would be gotten from other communities although store point; Would be used equipment in focus of low use up of water; the differ and fixed investment would be about $146,087.00 where the 50% the cost of principal equipment might be paid for the program named "Alianza Para el Campo", the working capital required is about $22,315.00 this might be gotten from producer members; the investment per producer would be about $5,292.00. The most important risks for the proyect are: the coffee have to get, the social organization, the support obtained from the program named "Alianza Para el Campo" and the income margin. The proyect was determined as feasible, under conditions which were developed, showing a financial rentability race of 15%. |
| 650 13 - PUNTO DE ACCESO ADICIONAL DE MATERIA--TÉRMINO DE MATERIA |
| Término de materia o nombre geográfico como elemento de entrada |
Desarrollo comunitario |
| Subdivisión geográfica |
México |
| -- |
Veracruz |
| Fuente del encabezamiento o término |
atg |
| 650 13 - PUNTO DE ACCESO ADICIONAL DE MATERIA--TÉRMINO DE MATERIA |
| Término de materia o nombre geográfico como elemento de entrada |
Semillas de café |
| Subdivisión general |
Financiamiento |
| Fuente del encabezamiento o término |
atg |
| 650 13 - PUNTO DE ACCESO ADICIONAL DE MATERIA--TÉRMINO DE MATERIA |
| Término de materia o nombre geográfico como elemento de entrada |
Semillas de café |
| Subdivisión general |
Iniciativa empresarial |
| Fuente del encabezamiento o término |
atg |
| 650 13 - PUNTO DE ACCESO ADICIONAL DE MATERIA--TÉRMINO DE MATERIA |
| Término de materia o nombre geográfico como elemento de entrada |
Coffee beans |
| Subdivisión general |
Entrepreneurship |
| Fuente del encabezamiento o término |
atg |
| 650 13 - PUNTO DE ACCESO ADICIONAL DE MATERIA--TÉRMINO DE MATERIA |
| Término de materia o nombre geográfico como elemento de entrada |
Coffee beans |
| Subdivisión general |
Funding |
| Fuente del encabezamiento o término |
atg |
| 650 13 - PUNTO DE ACCESO ADICIONAL DE MATERIA--TÉRMINO DE MATERIA |
| Término de materia o nombre geográfico como elemento de entrada |
Community development |
| Subdivisión geográfica |
Mexico |
| -- |
Veracruz |
| Fuente del encabezamiento o término |
atg |
| 700 1# - PUNTO DE ACCESO ADICIONAL--NOMBRE DE PERSONA |
| Nombre de persona |
Alvarado Salvador, Marcelino |
| Término indicativo de función/relación |
autor |
| 700 1# - PUNTO DE ACCESO ADICIONAL--NOMBRE DE PERSONA |
| Nombre de persona |
Santoyo Cortés, Vinicio Horacio |
| Término indicativo de función/relación |
director |
| 700 1# - PUNTO DE ACCESO ADICIONAL--NOMBRE DE PERSONA |
| Nombre de persona |
Espinosa Solares, Teodoro |
| Término indicativo de función/relación |
asesor |
| 700 1# - PUNTO DE ACCESO ADICIONAL--NOMBRE DE PERSONA |
| Nombre de persona |
Pérez Pelayo, Fernando |
| Término indicativo de función/relación |
asesor |
| 856 41 - LOCALIZACIÓN Y ACCESO ELECTRÓNICOS |
| Identificador Uniforme del Recurso |
<a href="http://10.13.5.2/tesis/2000_Aguirre_Camacho_Jose_Tesis.pdf">http://10.13.5.2/tesis/2000_Aguirre_Camacho_Jose_Tesis.pdf</a> |
| Texto de enlace |
Descargar PDF |
| 901 ## - ELEMENTOS DE DATOS A LOCAL LDA (RLIN) |
| a |
TESIS A38 2000 |
| 942 ## - ELEMENTOS DE PUNTO DE ACCESO ADICIONAL (KOHA) |
| Tipo de ítem Koha |
TESIS |
| Fuente del sistema de clasificación o colocación |
Clasificación Universidad Autónoma Chapingo |
| 902 ## - ELEMENTOS DE DATOS B LOCAL, LDB (RLIN) |
| a |
M |
| 905 ## - ELEMENTOS DE DATOS E LOCAL, LDE (RLIN) |
| a |
5232272000 mx mbe 8223123322spa16 |